000 00461nam a2200169Ia 4500
008 240729s9999 xx 000 0 und d
022 _a2459-4148
245 0 _aJournal of Frailty, Sarcopenia and Falls
260 _aGreece
260 _bHylonome Publications
650 _a Osteopathy
650 _a Other systems of medicine
650 _aMedicine
856 _uhttps://doaj.org/toc/be47bc5e8a934128a3da95a866f81389
942 _2ddc
942 _cDOAJEJ
999 _c68172
_d68172
945 _a1
_bMadushi Gamage
_c1
_dMadushi Gamage